Даты ИстРоса #14: 1881-1894 - Statistics

General Stats
  • This quiz has been taken 6 times
    4 since last reset
  • The average score is 15 of 22
Answer Stats
Событие Дата % Correct
Издание манифеста "О незыблемости самодержавия" 1881
100%
Русско-германо-австрийский договор 1881
100%
Временные правила о печати(Цензурная контрреформа) 1882
100%
Создание Крестьянского поземельного банка 1882
100%
Новый университетский устав(Университетская контрреформа) 1884
100%
Морозовская стачка 1885
100%
Создание Дворянскогопоземельного банка 1885
100%
Начало строительства Транссиба 1891
100%
Русско-французское секретное соглашение, чествование французской эскадры в Кронштадте 1891
100%
Государственная монополия на винокурение 1894
100%
Положение об усиленной и чрезвычайной охране 1881
50%
Издание циркуляра "О кухаркиных детях" 1887
50%
Заключение «Договора перестраховки» 1887
50%
Окончание срока действия Союза трех императоров 1887
50%
Отмена подушной подати 1887
50%
Издание “Положения о земских участковых начальниках” (Земская контрреформа) 1889
50%
Издание "Нового Земского положения" 1890
50%
Русско-французская военная конвенция 1892
50%
Издание "Городового положения" 1892
50%
Создание группы "Освобождение труда" 1893
50%
Создание Тройственного союза 1882
0%
Создание "Народной воли" 1887
0%
No matching quizzes found
Score Distribution
Percent of People with Each Score
Percentile by Number Answered
Your Score History
You have not taken this quiz since the last reset